El regreso de anaconda / (Registro nro. 143054)

Detalles MARC
000 -CABECERA
campo de control de longitud fija 00594nam a2200205 a 4500
005 - FECHA Y HORA DE LA ÚLTIMA TRANSACCIÓN
campo de control 20220622063557.0
008 - ELEMENTOS DE LONGITUD FIJA--INFORMACIÓN GENERAL
campo de control de longitud fija 090604s2005 ve r 000 0 spa d
020 ## - NÚMERO INTERNACIONAL NORMALIZADO PARA LIBROS
Número Internacional Estándar del Libro 9803882147
035 ## - NÚMERO DE CONTROL DEL SISTEMA
Número de control de sistema UPN01000170949
049 ## - COLECCIÓN
Colección CG
050 #4 - SIGNATURA TOPOGRÁFICA DE LA BIBLIOTECA DEL CONGRESO
Número de clasificación PQ8519 Q5
Número de documento/Ítem R4.3
100 1# - ASIENTO PRINCIPAL--NOMBRE PERSONAL
Nombre de persona Quiroga, Horacio,
Fechas asociadas al nombre 1878-1937
9 (RLIN) 29892
245 13 - MENCIÓN DE TÍTULO
Título El regreso de anaconda /
Mención de responsabilidad, etc. Horario Quiroga.
260 ## - PUBLICACIÓN, DISTRIBUCIÓN, ETC.
Lugar de publicación, distribución, etc. Caracas :
Nombre del editor, distribuidor, etc. Los libros de El Nacional,
Fecha de publicación, distribución, etc. c2005.
300 ## - DESCRIPCIÓN FÍSICA
Extensión 131 p. :
Otras características físicas il.
440 #4 - MENCIÓN DE SERIE/ASIENTO SECUNDARIO--TÍTULO
Título Arcadia ;
Designación de volumen o secuencia 32
650 #0 - ASIENTO SECUNDARIO DE MATERIA - TERMINO TEMATICO
Término de materia o nombre geográfico como elemento de entrada Animales
Subdivisión de forma Cuentos y leyendas
9 (RLIN) 234
650 #4 - ASIENTO SECUNDARIO DE MATERIA - TERMINO TEMATICO
Término de materia o nombre geográfico como elemento de entrada CUENTOS URUGUAYOS
9 (RLIN) 10233
905 ## - TIPO DE MATERIAL
Tipo de material Libro
Existencias
Estado de retiro Estado de pérdida Fuente del sistema de clasificación o colocación Estado dañado No para préstamo Código de colección Localización permanente Ubicación/localización actual Ubicación en estantería Total de préstamos Clasificación Código de barras Fecha visto por última vez Número de copia Tipo de ítem Koha
    Library of Congress Classification     Colección General Bib. Gregorio Torres Quintero Bib. Gregorio Torres Quintero Planta baja   PQ8519 Q5 R4.3 264658 31/12/2020 1 Libro
    Library of Congress Classification     Colección General Bib. Gregorio Torres Quintero Bib. Gregorio Torres Quintero Planta baja 1 PQ8519 Q5 R4.3 257799 31/12/2020 1 Libro